| 000 | 00519nam a22001697a 4500 | ||
|---|---|---|---|
| 003 | BD-DhUL | ||
| 005 | 20180227124821.0 | ||
| 008 | 160822s1972 bg |||| |||| 000 0 ben d | ||
| 040 |
_aBD-DhUL _cBD-DhUL |
||
| 082 |
_a323.2 _bJAR |
||
| 100 | _aআলম, জাহাঙ্গীর | ||
| 245 |
_aরক্তে বাংলার মুখ / _cজাহাঙ্গীর আলম |
||
| 260 |
_aঢাকা : _bনওরোজ, _c1972. |
||
| 650 | _aইতিহাস | ||
| 650 | _aHistory. | ||
| 942 |
_2ddc _cBK |
||
| 999 |
_c100210 _d100210 |
||